Γκίκας

Αποθηκεύτηκε σε:
Λεπτομέρειες βιβλιογραφικής εγγραφής
Συγγραφή απο Οργανισμό/Αρχή: Εθνική Πινακοθήκη - Μουσείο Αλεξάνδρου Σούτζου
Μορφή: Βιβλίο
Γλώσσα:Greek
Δημοσίευση: Αθήνα : Εθνική Πινακοθήκη, Μουσείο Αλέξανδρου Σούτζου, 1986
Θέματα:
Ετικέτες: Προσθήκη ετικέτας
Δεν υπάρχουν, Καταχωρήστε ετικέτα πρώτοι!

MARC

LEADER 00000nam a2200000 i 4500
001 1/6561
008 960710s1986 gre d
035 |l 10016396 
040 |a GR-MY-UA  |b gre  |e aacr 
041 0 |a gre 
082 0 |a 759.95 
245 1 0 |a Γκίκας /  |c Εθνική Πινακοθήκη, Μουσείο Αλέξανδρου Σούτζου 
260 |a Αθήνα :   |b Εθνική Πινακοθήκη,   |b Μουσείο Αλέξανδρου Σούτζου,   |c 1986 
300 |a 8 σ.  |b εικ. 
600 1 0 |a Χατζηκυριάκος-Γκίκας, Νικόλαος,   |d 1906-1994. 
650 0 0 |a Painting, Greek. 
650 0 0 |a Painters  |z Greece. 
650 0 0 |a Painting, Greek  |x Exhibitions. 
710 2 |a Εθνική Πινακοθήκη - Μουσείο Αλεξάνδρου Σούτζου. 
852 |a INST  |b LESVOS  |e 19960710  |h 759.95 ΓΚΙ  |p 005100009677  |q 005100009677  |t BK  |y 0 
909 |a Λ  |b 022959 
922 |a 1ΔΩΡ  |b 199203